000 00657nam a22002057a 4500
005 20250326163020.0
010 _aENG-144273
020 _a9788197352904
_c270.00
035 _aEN-127805
037 _bDBAD
082 _a181.45
_21
100 _aKarulkar, Vivan
_979955
245 _aThe Sanatan Dharma;
_bTrue Source of All Technology/
_cVivan Karulkar
250 _a1
260 _aMumbai
_bEk Sath Broadcasting Pvt. Ltd.
_c2024
270 _a603-Western Edge -1, Western Express Highway, Above Metro Wholesale, Borivali(east)
_bMumbai
_e400066
300 _a107p.
_c22cm(Hb)
700 _979478
942 _2ddc
_cEN
_mKAR
_h181.45
999 _c210526
_d210526